000 006290000a22002050004500
003 LK-CoMWRAF
005 20231027120034.0
008 230817t2005 ||||| |||| 00| 0 eng d
020 _a034090500X
040 _aLK-CoMWRAF
_dLK-CoMWRAF
_eLK-CoMWRAF
041 _aeng
082 _a616.99
_bLEW
100 _aLewis, Jacqueline
245 _aYour Guide to Breast Cancer
260 _aLondon:
_bHodder Arnold,
_c2005
300 _a177 p., [8] p. of plates : ill. (some col.) ; 20 cm.
_bGlossary and index included
650 _aBreast--Cancer--Popular works
650 _aBreast--Cancer--Treatment--Popular works
942 _cBK
999 _c2197
_d2197